| 000 | 07200nas a22003017a 4500 | ||
|---|---|---|---|
| 003 | NALT | ||
| 005 | 20260311145430.0 | ||
| 006 | a|||p|r|||| 00| 0 | ||
| 007 | ta | ||
| 008 | 260310b th |||p| |||| 00| 0 tha d | ||
| 022 | _a01250957 | ||
| 040 | _aNALT | ||
| 041 | _atha | ||
| 245 | 0 | _aรัฐสภาสาร ปีที่ 48 ฉบับที่ 5-8 (พฤษภาคม-สิงหาคม 2543). | |
| 260 | _aโรงพิมพ์ชวนพิมพ์. | ||
| 310 | _aรายเดือน. | ||
| 500 | _aวารสารเย็บเล่ม. | ||
| 505 | 2 | _aปีที่ 48 ฉบับที่ 5 พ.ค. 2543 -- การเริ่มมีจิตสำนึกอภิวัฒน์ของข้าพเจ้า -- ประชาธิปไตยเบื้องต้นสำหรับสามัญชน -- ศาสนธรรมแห่งการอภิวัฒน์ -- คนดีศรีแผ่นดิน -- เบื้องหลังการเสนอชื่อปรีดี พนมยงค์ เป็นบุคคลสำคัญของโลก -- เศรษฐกิจ ประเทศไทย และ IT -- นายปรีดี พนมยงค์ ทนายความคดี "พลาติสัย" คำพิพากษาศาลฎีกา ที่ 115 พ.ศ. 2463 -- ปฏิทินชีวิตนายปรีดี พนมยงค์. | |
| 505 | 2 | _aปีที่ 48 ฉบับที่ 6 มิ.ย. 2543 -- ประโยชน์ที่ประเทศชาติและประชาชนได้รับหลังจากประกาศใช้รัฐธรรมนูญแล้ว 2 ปี -- รัฐธรรมนูญฉบับประชาชน -- นักการเมือง -- องค์กรอิสระ -- ป.ป.ช. : ความหวังหลังปฏิรูปการเมือง -- การฉ้อราษฎร์บังหลวง -- การทุจริต -- การคุ้มครองสิทธิผู้บริโภค : พระราชบัญญัติคุ้มครองผู้บริโภค พ.ศ. 2522 แก้ไขเพิ่มเติมโดยพระราชบัญญัติคุ้มครองผู้บริโภค (ฉบับที่ 2) พ.ศ. 2541 และแนวโน้มการคุ้มครองสิทธิ์ผู้บริโภคในอนาคต -- การคุ้มครองสิทธิผู้บริโภค ในอนาคต. | |
| 505 | 2 | _aปีที่ 48 ฉบับที่ 7 ก.ค. 2543 -- หน้าที่ไปเลือกตั้งของคนไทย -- สำแดงเจตนารมณ์ -- ระบบการเมือง -- การเลือกตั้ง -- การเสียสิทธิ์ -- ผู้ว่าราชการจังหวัด : วิเคราะห์ เปรียบเทียบสหรัฐอเมริกา ฝรั่งเศส ญี่ปุ่น และไทย -- ระบบรัฐสภา -- ระบบประธานาธิบดี -- ระบบกึ่งประธานาธิบดี -- การมีส่วนร่วมของแรงงานในฝ่ายบริหาร Workers Participation in Management -- แนวความคิดว่าด้วยการมีส่วนร่วมของแรงงานในฝ่ายบริหาร -- องค์กรแรงงานระหว่างประเทศ -- การริเริ่ม การมีส่วนร่วมของแรงงาน -- การส่งเสริมการลงทุน -- การลงทุนและการพัฒนาเศรษฐกิจภายในประเทศ -- มาตรการส่งเสริมการลงทุน -- ผลดีและผลเสียของ การลงทุนโดยตรงของภาคเอกชนต่างประเทศ -- กฎหมายที่ใช้บังคับการลงทุนของคนต่างด้าว -- กฎหมายเกี่ยวกับแรงงานของไทย. | |
| 505 | 2 | _aปีที่ 48 ฉบับที่ 8 ส.ค. 2543 -- การคลังขององค์กรการปกครองท้องถิ่น -- โครงสร้างการปกครองท้องถิ่นของไทยในปัจจุบัน -- โครงสร้างรายได้ของหน่วยงาน การปกครองท้องถิ่นปัจจุบัน -- ภาษีบำรุงท้องที่ -- ภาษีบำรุงท้องที่ -- ภาษีป้าย -- ภาษีโรงเรียนและที่ดิน -- ภาษีสุราและภาษีสรรพสามิต -- รายได้จากทรัพย์สิน -- รายได้จากการสาธารณูปโภคและการพาณิชย์ -- เงินอุดหนุนจากรัฐบาล -- เงินกู้ -- การได้มาซึ่งสมาชิกองค์การบริหารส่วนตำบล...มิติใหม่ของการเลือกตั้งระดับ ท้องถิ่น -- ฤาจักเป็นเทศบาลใหม่ในรอยเดิม -- เทศบาล -- การพัฒนาแบบยั่งยืน -- สถาบันการเงินนอกระบบ -- เงินอุดหนุนจากหน่วยงานองค์กรปกครองท้องถิ่น -- เงินอุดหนุนจากองค์กรต่าง ๆ -- ผู้ว่าราชการจังหวัด : วิเคราะห์เปรียบเทียบสหรัฐอเมริกา ฝรั่งเศส ญี่ปุ่น และไทย (ต่อ) -- มหาวิทยาลัยนอกระบบ (ราชการ) -- ความสำคัญของมหาวิทยาลัยอิสระ -- มหาวิทยาลัย (นอกระบบ) กับมหาวิทยาลัยอิสระ -- ผู้พิพากษาสมทบในศาลทรัพย์สินทางปัญญาฯ : ปัญหาและแนวทาง แก้ไข. | |
| 650 | 0 |
_aรัฐสภา _zไทย _957374 |
|
| 850 | _aNALT | ||
| 866 | _aปีที่ 48 ฉบับที่ 5-8 (พฤษภาคม-สิงหาคม 2543). | ||
| 942 |
_cBOUND _2lcc |
||
| 996 |
_aaroonthip.c _bLIBSTF _c2026-03-10 |
||
| 999 |
_c107856 _d107856 |
||
| 998 |
_j179 _k นางสาวอรุณทิพย์ จันทร์ดิษฐ์ |
||